[Event "Ponte de Lima op"]
[Site "Ponte de Lima"]
[Date "2024.04.10"]
[Round "3"]
[White "Priyanka, Nutakki"]
[Black "Milat, Marcel Victor"]
[Result "1/2-1/2"]
[WhiteElo "2272"]
[BlackElo "2169"]
[PlyCount "64"]
[EventDate "2024.04.09"]
[EventType "swiss"]
[EventRounds "9"]
[EventCountry "POR"]
[SourceTitle "CB17_2024"]
[SourceDate "2024.04.24"]
[SourceVersion "1"]
[SourceVersionDate "2024.04.24"]
[SourceQuality "1"]

1. e4 c5 2. Nf3 d6 3. Bb5+ Nd7 4. a4 Ngf6 5. Nc3 g6 6. 0-0 Bg7 7. Re1 0-0 8. a5 a6 9. Bf1 Nb8 10. e5 dxe5 11. Nxe5 Nfd7 12. Nc4 Nc6 13. d3 Rb8 14. Be3 Nd4 15. Bf4 Ra8 16. Nd5 e5 17. Ndb6 Nxb6 18. Nxb6 exf4 19. Nxa8 f3 20. c3 fxg2 21. Bxg2 Nf5 22. Qf3 Nh4 23. Qg3 Nxg2 24. Kxg2 Bd7 25. Nb6 Bc6+ 26. Kg1 f5 27. f4 Bf6 28. Qe3 Kg7 29. Qxc5 Qxd3 30. Qe3 Qb5 31. Qf2 Rd8 32. Re3 Be4 1/2-1/2

[Event "Swiss Queens Wed #7"]
[Site "FIDE Online Arena INT"]
[Date "2024.03.13"]
[Round "8"]
[White "Hilario, Aleyla"]
[Black "Priyanka, Nutakki"]
[Result "0-1"]
[WhiteElo "1932"]
[BlackElo "2272"]
[PlyCount "108"]
[EventDate "2024.03.13"]
[EventType "swiss (blitz)"]
[EventRounds "11"]
[EventCountry "NET"]
[SourceTitle "CB12_2024"]
[SourceDate "2023.10.01"]
[SourceVersion "1"]
[SourceVersionDate "2023.10.01"]
[SourceQuality "1"]

1. d4 c5 2. d5 e5 3. e4 d6 4. Nc3 Be7 5. Nf3 Nf6 6. Be2 0-0 7. 0-0 Ne8 8. Nd2 f5 9. f3 Bg5 10. Nc4 Bxc1 11. Qxc1 Na6 12. a4 Nb4 13. Qd2 Bd7 14. Nd1 fxe4 15. fxe4 Rxf1+ 16. Bxf1 Qh4 17. c3 Na6 18. Bd3 Nac7 19. Nde3 g6 20. Rf1 b5 21. axb5 Bxb5 22. Rf3 Rd8 23. Qe2 Nf6 24. g3 Qg5 25. h4 Qh6 26. Rxf6 Ne8 27. Rf2 a6 28. Qf3 Qg7 29. Ng4 Kh8 30. Nf6 Nc7 31. Ng4 h5 32. Nge3 Kg8 33. Qf6 Ne8 34. Qxg7+ Kxg7 35. Bf1 Nf6 36. Nd2 Bxf1 37. Nexf1 Rb8 38. b3 c4 39. bxc4 Rb2 40. Ne3 a5 41. Kg2 a4 42. Nb1 Rxb1 43. Ra2 Nxe4 44. Rxa4 Nxc3 45. Ra7+ Kf6 46. Rd7 Rb6 47. Kf3 Na4 48. Nc2 Nc5 49. Ne1 Nxd7 50. Nd3 Rb3 51. Ke2 e4 52. Nf2 Nc5 53. Nd1 Rxg3 54. Ne3 Ke5 0-1

[Event "Swiss Queens Wed #5"]
[Site "FIDE Online Arena INT"]
[Date "2024.02.28"]
[Round "5"]
[White "Priyanka, Nutakki"]
[Black "Vifleemskaia, Svetlana"]
[Result "1-0"]
[WhiteElo "2272"]
[BlackElo "1903"]
[PlyCount "93"]
[EventDate "2024.02.28"]
[EventType "swiss (blitz)"]
[EventRounds "11"]
[EventCountry "NET"]
[SourceTitle "CB10_2024"]
[SourceDate "2024.03.06"]
[SourceVersion "1"]
[SourceVersionDate "2024.03.06"]
[SourceQuality "1"]

1. Nf3 Nf6 2. b3 b5 3. Bb2 Bb7 4. e3 a6 5. c4 b4 6. Be2 e6 7. 0-0 Be7 8. d3 0-0 9. e4 d6 10. Nbd2 Nbd7 11. Re1 c5 12. Nf1 a5 13. a4 bxa3 14. Rxa3 Bc6 15. Qc2 Ra6 16. Rea1 Qb6 17. Bc3 Rfa8 18. Ne3 h6 19. h3 Ne8 20. d4 cxd4 21. Nxd4 Bb7 22. R3a2 Nc5 23. Bf3 Bf6 24. Rb1 Qc7 25. Nb5 Qe7 26. Rba1 Bxc3 27. Nxc3 Rb6 28. Nb5 Rba6 29. Rd1 a4 30. b4 Nd7 31. Rda1 Ne5 32. Rxa4 Rxa4 33. Rxa4 Nxf3+ 34. gxf3 Rxa4 35. Qxa4 Qg5+ 36. Kf1 Bc6 37. Qa6 Bxb5 38. Qxb5 Qe7 39. c5 dxc5 40. bxc5 Nc7 41. Qb6 Qd7 42. c6 Qd3+ 43. Kg2 Qd6 44. Nc4 Qe7 45. f4 Ne8 46. Qb8 Kf8 47. Ne5 1-0

[Event "Swiss Queens Wed #4"]
[Site "FIDE Online Arena INT"]
[Date "2024.02.21"]
[Round "3"]
[White "Priyanka, Nutakki"]
[Black "Maltsevskaya, Aleksandra"]
[Result "1-0"]
[WhiteElo "2272"]
[BlackElo "2374"]
[PlyCount "45"]
[EventDate "2024.02.21"]
[EventType "swiss (blitz)"]
[EventRounds "11"]
[EventCountry "NET"]
[SourceTitle "CB09_2024"]
[SourceDate "2024.02.28"]
[SourceVersion "1"]
[SourceVersionDate "2024.02.28"]
[SourceQuality "1"]

1. d4 Nf6 2. Nf3 g6 3. c4 Bg7 4. Nc3 d6 5. Bg5 0-0 6. Qd2 Nbd7 7. e4 c5 8. d5 a6 9. Be2 b5 10. cxb5 axb5 11. Bxb5 Ba6 12. Bxa6 Rxa6 13. 0-0 Qa5 14. Rfe1 Rb8 15. Rab1 Rab6 16. b3 h6 17. Bh4 g5 18. Bg3 g4 19. Nd1 Rb4 20. Nh4 Nxe4 21. Rxe4 c4 22. Rxc4 Nc5 23. Rxg4 1-0

[Event "Monsaraz op"]
[Site "Monsaraz"]
[Date "2023.11.27"]
[Round "8"]
[White "Priyanka, Nutakki"]
[Black "Sai Mahati, A."]
[Result "1-0"]
[WhiteElo "2281"]
[BlackElo "1964"]
[PlyCount "79"]
[EventDate "2023.11.21"]
[EventType "swiss"]
[EventRounds "9"]
[EventCountry "POR"]
[SourceTitle "CB49_2023"]
[SourceDate "2023.12.06"]
[SourceVersion "1"]
[SourceVersionDate "2023.12.06"]
[SourceQuality "1"]

1. c4 c6 2. Nf3 d5 3. e3 Nf6 4. Nc3 e6 5. b3 Nbd7 6. Bb2 Bd6 7. Qc2 0-0 8. Rg1 b6 9. g4 Bb7 10. g5 Ne8 11. h4 e5 12. h5 b5 13. cxd5 cxd5 14. Nxb5 Rc8 15. Qf5 a6 16. Nxd6 Nxd6 17. Qg4 Re8 18. Be2 d4 19. h6 Rc2 20. Ba3 Nb5 21. Bb4 e4 22. g6 fxg6 23. Ng5 Ne5 24. Qh4 Qc7 25. Rd1 Rc1 26. hxg7 Rxd1+ 27. Kxd1 Qxg7 28. Nxe4 d3 29. Nf6+ Kf7 30. Nxe8 dxe2+ 31. Kxe2 Bf3+ 32. Kf1 Kxe8 33. Qf4 Bd5 34. Rg5 Nd3 35. Qb8+ Kf7 36. Rxd5 Qa1+ 37. Kg2 Nxb4 38. Qf4+ Qf6 39. Qxb4 Qc6 40. Qc4 1-0